000 00466nam a2200181Ia 4500
001 4533
005 20260306145803.0
008 260306t2017||||xx |||||||||||||| ||spa||
041 _aESP
082 _a324.2092
_bA68A
100 _aArce Espinoza, Mario Rommel,
_eAUT
245 0 _aJavier de Belaunde. Una trayectoria al servicio de Arequipa
260 _c2017
300 _a326 páginas :
_c24 cm.
650 _aGEN
654 _aCDE
942 _cLIB
_dJUS
_fJUS
_2ddc
_n
999 _c4533
_d4533